[Event "Départementale  Jeunes 49"]
[Site "Angers"]
[Date "2022.01.21"]
[Round "3.2"]
[White "Rosier, Raphaël"]
[Black "Lecour Grandmaison, Louis"]
[Result "0-1"]
[WhiteElo "1120"]
[BlackElo "1007"]
[Annotator "Analyse tactique 4.0 (6s)"]
[PlyCount "74"]
[EventDate "2021.??.??"]
[WhiteTeam "CEBVA Jeunes"]
[BlackTeam "Angers Jeunes"]

{[%evp 9,74,-39,45,20,41,-25,9,-110,-107,-314,-308,-464,-465,-472,-350,-460,
-455,-453,-358,-392,-340,-440,-388,-364,-342,-760,-763,-844,-631,-637,-597,
-588,-610,-912,-900,-1261,-806,-875,-853,-986,-982,-1534,-1097,-29991,-29992,
-29992,-1603,-29992,-29993,-29993,-29991,-29993,-2400,-29993,-3007,-29995,
-29995,-29995,-29995,-29995,-29996,-29996,-29995,-29996,-29996,-29997,-29995]} 
1. e4 e6 2. Nc3 d5 3. exd5 exd5 4. Qe2+ Be7 5. Nf3 {[#]} Bg4 $146 {[%eval 45,
21]} (5... Nc6 $15 {[%eval -39,18]}) ({Prédécesseur:} 5... Nf6 6. d4 O-O 7.
Bg5 Bf5 8. O-O-O a6 9. Bxf6 Bxf6 10. Ne5 Re8 11. f4 Nc6 12. Qh5 {0-1 (19)
Siour,B-Gandreuil,B (1414) Europe Echecs INT 2022}) 6. h3 {C00: Défense
française.} Bh5 7. Qd3 {[%eval -25,20]} ({les Blancs devraient jouer} 7. Qb5+
$14 {[%eval 41,17]} Nc6 8. Qxb7 (8. Nxd5 Bxf3 9. gxf3 Qd6 $14)) 7... Nf6 $11 8.
Be2 {[%eval -110,20]} (8. Qb5+ $11 {[%eval 9,19] maintient l'égalité.} Nc6 9.
Qxb7) {[%tqu "En","","","","e8g8","",10]} 8... O-O $1 $17 9. b3 $2 {[%eval
-314,20] [#]} (9. Ne5 $17 {[%eval -107,19]}) 9... Nc6 $19 {[%cal Bb8c6,Bc6b4,
Bb4c2][%mdl 32]} 10. Bb2 {[%eval -464,21]} (10. Qf5 $142 {[%eval -308,21]})
10... Nb4 11. Qb5 Nxc2+ 12. Kd1 Nxa1 13. Bxa1 b6 14. g4 Bg6 15. g5 Ne4 16. Nxe4
dxe4 17. h4 $2 {[%eval -760,18]} (17. Qe5 {[%eval -342,21]} f6 18. Qe6+ Kh8 19.
gxf6 Rxf6 20. Bxf6 exf3 21. Bxg7+ Kxg7 22. Bxf3) 17... exf3 18. Bxf3 Rb8 {
Menace de gagner avec ...Fb4!} 19. Qc4 a5 20. Qc3 {[%csl Ga1][%cal Rc3g7] [#]}
f6 {Et maintenant ...Fb4 devrait gagner.} 21. gxf6 Bxf6 22. Qc1 Bxh4 23. Qc4+
Kh8 24. Rxh4 Rxf3 25. Rh6 Rd3 26. Qc3 Rxc3 27. Bxc3 Kg8 {[%eval -1603,19]} (
27... Qd3 $142 {[%eval -32751,18]} 28. Rxg6 Qb1+ 29. Ke2 Re8+ 30. Re6 Rxe6+ 31.
Be5 Rxe5+ 32. Kf3 Qe4+ 33. Kg3 Rg5+ 34. Kh3 Qh1#) 28. f4 gxh6 29. f5 Bf7 30.
Bg7 h5 {[%eval -2400,15]} (30... Kxg7 $142 {[%eval -32753,16]} 31. Kc2 Qd4 32.
Kd1 Rd8 33. Ke2 Qxd2+ {[%mdl 64] Attaque double} 34. Kf1 Re8 35. f6+ Kxf6 36.
Kg1 Re1#) 31. Ke2 h4 {[%eval -3007,12]} (31... Kxg7 $142 {[%eval -32753,16]}
32. Ke3 Qg5+ 33. Ke2 Qxf5 34. d3 Re8+ 35. Kd2 Qf4+ 36. Kd1 Qf2 37. Kc1 Re1#)
32. Kf3 Qd5+ {Les Noirs font mat.} 33. Kf4 h3 34. Kg3 Qg2+ 35. Kf4 Qxg7 36. Ke3
h2 37. a3 h1=N {Les Noirs ont pris le contrôle après l'ouverture.  Valeur
d'erreur pondérée: Blancs=1.47/Noirs=0.77} 0-1

[Event "Départementale  Jeunes 49"]
[Site "Angers"]
[Date "2021.01.21"]
[Round "3.3"]
[White "Bonnet, Tomas"]
[Black "Cornée, Victor"]
[Result "1-0"]
[WhiteElo "1099"]
[BlackElo "1100"]
[Annotator "Analyse tactique 4.0 (6s)"]
[PlyCount "69"]
[EventDate "2021.??.??"]
[WhiteTeam "Angers Jeunes"]
[BlackTeam "CEBVA Jeunes"]

{[%evp 11,68,47,41,40,39,50,56,50,71,89,154,88,101,104,315,312,382,390,383,293,
279,160,383,353,591,235,224,218,223,189,284,282,288,280,369,341,365,308,367,
276,343,331,517,526,731,461,1403,1330,1345,1031,29994,29995,29996,29997,29997,
29998,29998,29999,29999]} 1. d4 d5 2. c4 dxc4 3. e4 Nf6 4. Nc3 Nc6 5. Nf3 Bg4
6. Be3 e6 7. h3 {[#] D07: Gambit Dame (défense Tchigorine).} Bxf3 $146 ({
Prédécesseur:} 7... Bh5 8. Bxc4 Bb4 9. Qd3 Bxf3 10. gxf3 O-O 11. O-O-O Qe7
12. Rhg1 Nh5 13. Rg5 g6 14. a3 Ba5 15. d5 Nd8 16. dxe6 fxe6 17. Rxa5 Rxf3 18.
Rxh5 gxh5 19. Rg1+ Kf8 20. Bh6+ Ke8 21. Rg8+ {1-0 (21) Roldan,C (1801)-Leber,D
ICCF email 2010}) 8. gxf3 Qd7 9. Bxc4 {Les Blancs sont un peu mieux.} O-O-O {
[%cal Rc6d4]} 10. Qa4 {Les Noirs doivent éviter d5.} Bb4 {[%eval 154,19]} ({
les Noirs devraient jouer} 10... a6 {[%eval 89,19]}) {[%tqu "En","","","",
"a1c1","",10]} 11. O-O-O {[%eval 88,19]} (11. Rc1 $142 $1 {[%eval 154,19]})
11... Bxc3 $16 12. bxc3 g5 $2 {[%eval 315,23] Perd la partie.} (12... Ne7 $16 {
[%eval 104,20] continue la lutte.} 13. Qxa7 Qc6) 13. Bb5 $18 Qe7 14. Bxc6 bxc6
15. Qxa7 Kd7 16. Qc5 {[%eval 160,21]} ({les Blancs devraient essayer} 16. Bxg5
$18 {[%eval 279,21] Espère d5.} Ra8 17. Qc5) 16... Qxc5 $2 {[%eval 383,20]} (
16... h6 $16 {[%eval 160,21]} 17. Qxe7+ Kxe7) 17. dxc5+ Ke8 $2 {[%eval 591,25]}
(17... Ke7 {[%eval 353,19] était nécessaire.} 18. Bxg5 Rhg8) 18. Bxg5 $2 {
[%eval 235,25]} (18. Rxd8+ {[%eval 591,25]} Kxd8 19. Bxg5) 18... Rxd1+ 19. Rxd1
{[%mdl 4096] Finale RTF-RTC} Nd7 20. Bf4 Nxc5 {[%eval 284,20]} (20... e5 $142 {
[%eval 189,23]}) 21. Bxc7 {[#] Menace de gagner avec Td8+.} Nd7 22. e5 Ke7 23.
Bd6+ Ke8 24. f4 Rg8 25. Kd2 Rg2 26. Ke2 f6 {[%eval 517,22]} (26... Rh2 $142 {
[%eval 331,23]} 27. a4 Rxh3) 27. a4 {[%cal Ba2a4,Ba4a5][%mdl 32]} Kd8 28. exf6
h5 {[%eval 1403,26]} (28... Nxf6 $142 {[%eval 461,22]} 29. a5 Rg7 30. Be5+ {
[%mdl 64] Attaque à la découverte} Ke7) 29. a5 Kc8 30. Rb1 {les Blancs
veulent mater par f7.} Nb6 31. f7 {Les Blancs font mat.} Nd7 {[%tqu "En","","",
"","b1b8","",10]} 32. Rb8+ $1 {[%mdl 576] [#] Attraction, Promotion} Nxb8 33.
f8=Q+ Kb7 34. Qxb8+ Ka6 35. Qb6# {Valeur d'erreur pondérée: Blancs=0.54/
Noirs=0.85} 1-0

[Event "Départementale  Jeunes 49"]
[Site "Angers"]
[Date "2022.01.21"]
[Round "3.4"]
[White "Grimaud, Louis"]
[Black "Le Geay, Joachim"]
[Result "0-1"]
[WhiteElo "1009"]
[BlackElo "1009"]
[Annotator "Analyse tactique 4.0 (6s)"]
[PlyCount "48"]
[EventDate "2021.??.??"]
[WhiteTeam "CEBVA Jeunes"]
[BlackTeam "Angers Jeunes"]

{[%evp 9,47,-7,-14,-34,-32,-155,-28,-199,-198,-183,-87,-102,-63,-946,-867,-957,
-945,-951,-945,-1679,-1060,-999,-1025,-1045,-994,-1304,-1289,-1441,-1402,-1457,
-1410,-29992,-1843,-29990,-2092,-29996,-1523,-29997,-29997,-29999]} 1. d4 d5 2.
Nf3 Nc6 3. Nc3 Nf6 4. Bf4 Bf5 5. Qd2 e6 6. O-O-O {D00: Partie du Pion Dame.}
Bb4 7. a3 {[%eval -155,20] [#]} (7. Bg5 $15 {[%eval -32,19]}) 7... Ba5 $146 {
[%eval -28,18]} (7... Ne4 $17 {[%eval -155,20]} 8. Qe1 Nxc3 9. bxc3 Bxa3+ 10.
Kd2 Bd6) ({Prédécesseur:} 7... Bxc3 8. Qxc3 Ne4 9. Qb3 Nxf2 10. Rd2 Nxh1 11.
Qxb7 Ne7 12. Bxc7 Qc8 13. Qb5+ Kf8 {0-1 (34) Nalluri,V-Inglis,A Canberra 2001})
8. e3 $2 {[%eval -199,21]} (8. Bg5 $11 {[%eval -28,18] et les Blancs sont en
sécurité.}) 8... Ne4 $19 9. Qe1 Bxc3 {[%eval -87,21]} (9... Qe7 $19 {[%eval
-183,20] est plus incisif.} 10. Rd3 (10. b4 $2 Nxb4 11. axb4 Qxb4 $19) 10... g5
) 10. bxc3 $17 Qe7 11. Bd3 $2 {[%eval -946,20][%mdl 8192]} (11. Kb2 $15 {
[%eval -63,18]}) 11... Qxa3+ $19 {[%mdl 64] [#] Attaque double} 12. Kb1 Nxc3+
13. Qxc3 Qxc3 14. Bxc7 Bxd3 15. Rxd3 Qb4+ 16. Rb3 Qe7 17. Rxb7 Rc8 18. Rc1 Rxc7
19. Rxc7 Qxc7 20. Rd1 O-O {[%eval -1843,21]} (20... Nb4 $142 {[%eval -32751,19]
} 21. Ne1 Qc3 22. h4 Ke7 23. Rd3 Qxe1+ {[%mdl 64] Attaque double} 24. Rd1 Qxd1+
{[%mdl 64] Attaque double} 25. Kb2 Qxc2+ {[%mdl 64] Attaque double} 26. Ka3 Rb8
27. h5 Qa2#) 21. Rd3 Nb4 22. Rd2 Qc3 {[#] ( -> ...Tb8)} 23. g4 Rc8 24. Kc1 Qa1#
{Valeur d'erreur pondérée: Blancs=2.67/Noirs=0.98} 0-1

[Event "Départementale  Jeunes 49"]
[Site "Angers"]
[Date "2022.01.21"]
[Round "4.1"]
[White "Vallognes, Bastien"]
[Black "Avril, Siddhartha"]
[Result "0-1"]
[WhiteElo "1020"]
[BlackElo "1140"]
[Annotator "Analyse tactique 4.0 (6s)"]
[PlyCount "78"]
[EventDate "2021.??.??"]
[WhiteTeam "CEBVA Jeunes"]
[BlackTeam "Angers Jeunes"]

{[%evp 10,78,38,19,31,33,32,30,34,36,35,26,78,46,66,35,39,-18,-12,-44,-34,-44,
-39,-30,-45,-51,-40,-63,-60,-77,-75,-82,-73,-85,-84,-82,-69,-168,-188,-148,9,
21,32,26,27,0,0,-36,-59,-87,-67,-38,-82,-75,-56,-24,-1,-85,-19,-316,-289,-349,
-349,-744,-573,-916,-719,-822,-810,-1008,-676]} 1. d4 d5 2. c4 c6 3. Nc3 Nf6 4.
e3 e6 5. Nf3 Be7 6. b3 O-O {D45: Gambit Dame (défense semi-slave avec 5.e3).}
7. Bb2 Nbd7 8. Qc2 c5 {Petit avantage blanc.} 9. Bd3 cxd4 10. exd4 {[#]} h6
$146 {[%eval 78,21]} (10... dxc4 $11 {[%eval 26,20] maintient l'égalité.} 11.
bxc4 b6) ({Prédécesseur:} 10... dxc4 11. bxc4 b6 12. O-O Bb7 13. Qe2 Re8 14.
Ne5 Rc8 15. Rfd1 Qc7 16. a4 Bb4 {1/2-1/2 (41) Wiechowski,L-Uscinski,M Ostroda
2009}) 11. O-O b6 12. Ne5 {visant Cc6.} Bb7 13. Nxd7 {[%eval -18,21]} (13. Rad1
$14 {[%eval 39,17]}) 13... Qxd7 $11 14. Rfe1 Qc6 15. cxd5 Nxd5 16. Nxd5 Qxd5
$40 {[%csl Gb7][%cal Rd5g2][%mdl 128] [#] Les Noirs attaquent.} 17. Be4 Qd7 18.
Bxb7 Qxb7 19. Re3 Rac8 20. Qd3 Bf6 21. h3 Rfd8 22. Rd1 {[%tqu "En","","","",
"e6e5","",10]} e5 $1 {[%mdl 512]} 23. Qe4 {[%eval -168,23]} ({les Blancs
devraient essayer} 23. Qe2 $15 {[%eval -69,20]}) (23. dxe5 Rxd3) 23... Qxe4 $19
24. Rxe4 a5 $2 {[%eval 9,21]} (24... Rc2 $17 {[%eval -148,21]} 25. Ba1 exd4)
25. d5 $11 Rc5 26. d6 {[%tqu "En","","","","c5c6","",10]} Rc6 $1 27. Ba3 b5 28.
d7 Rc7 29. Bb2 Rdxd7 30. Rxd7 Rxd7 31. Bxe5 $17 {[%mdl 4096] Finale RTF-RTF}
Re7 32. f4 g5 {[#] Et maintenant ...gxf4 devrait gagner.} {[%tqu "En","","","",
"e4e1","",10]} 33. g3 {[%eval -85,24]} (33. Re1 $1 $11 {[%eval -1,25] assure
la nulle.}) 33... Bh8 {[%eval -19,25]} (33... gxf4 $17 {[%eval -85,24]} 34.
gxf4 Kh7) 34. Kf2 $2 {[%eval -316,24][%mdl 8192] Ceci coûte la partie aux
Blancs.} (34. Re1 $11 {[%eval -19,25]}) 34... f6 35. fxg5 Rxe5 36. Rxe5 {
[%eval -744,27]} (36. Rd4 {[%eval -349,22]}) 36... fxe5 $19 {Les Noirs sont
clairement gagnants.} 37. gxh6 Kh7 38. Ke3 Kxh6 39. g4 Kg6 {Valeur d'erreur
pondérée: Blancs=0.63/Noirs=0.17} 0-1

[Event "Départementale  Jeunes 49"]
[Site "Angers"]
[Date "2022.01.21"]
[Round "4.2"]
[White "Lecour Grandmaison, Louis"]
[Black "Rosier, Raphaël"]
[Result "1-0"]
[WhiteElo "1007"]
[BlackElo "1120"]
[PlyCount "35"]
[EventDate "2021.??.??"]
[WhiteTeam "Angers Jeunes"]
[BlackTeam "CEBVA Jeunes"]

{[%evp 19,34,-63,-63,-52,-53,-305,463,456,450,448,568,577,568,575,29998,29999,
29999]} 1. e4 e5 2. Nf3 Nc6 3. d4 exd4 4. Bc4 Nf6 5. O-O Nxe4 6. Re1 d5 7. Bxd5
Qxd5 8. Nc3 Qd8 9. Nxe4 Be7 10. Bg5 f6 11. Bf4 {C56: Défense des deux
Cavaliers (avec 4.d4).} O-O {[#]} 12. Nxd4 $146 {[%eval -305,21][%mdl 8192]} (
12. h4 $15 {[%eval -53,19]}) ({Prédécesseur:} 12. Qd2 Bg4 13. a3 Bxf3 14.
gxf3 g5 15. Kh1 gxf4 16. Qxf4 Kh8 17. Qf5 Ne5 18. Rg1 Qd7 {0-1 (44) Grataloup,
Q (1933)-Petr,J (2282) Tornelo INT 2021}) 12... Bf5 $4 {[%eval 463,22][%mdl
8192]} (12... Nxd4 $19 {[%eval -305,21] et tout va bien pour les Noirs.} 13.
Nd6 Bxd6 14. Qxd4 Bxf4 15. Qc4+ Rf7 16. Qxf4 Bd7) 13. Nxf5 $18 {[#] Menace
fortement Dg4.Les Blancs sont clairement gagnants.} Qxd1 14. Raxd1 {[%cal
Ba1d1,Bd1d7,Bd7c7,Bc7h7][%mdl 32]} Rfe8 15. Rd7 Bf8 16. Rxc7 g6 17. Nxf6+ {
[%mdl 64] [#] Attaque double, Attaque à la découverte} Kh8 18. Rxh7# {
Valeur d'erreur pondérée: Blancs=0.87/Noirs=1.94} 1-0

[Event "Départementale  Jeunes 49"]
[Site "Angers"]
[Date "2022.01.21"]
[Round "4.3"]
[White "Cornée, Victor"]
[Black "Bonnet, Tomas"]
[Result "0-1"]
[WhiteElo "1100"]
[BlackElo "1099"]
[PlyCount "60"]
[EventDate "2021.??.??"]
[WhiteTeam "CEBVA Jeunes"]
[BlackTeam "Angers Jeunes"]

{[%evp 13,60,328,554,544,537,522,543,537,599,289,596,583,592,582,588,331,661,
484,564,498,620,116,125,-173,-181,-176,-181,-230,-190,-225,-238,-278,-196,-367,
-331,-353,-332,-374,-286,-983,-243,-952,-912,-1659,-1362,-29992,-29993,-29997,
-1299]} 1. e4 e5 2. d4 Nc6 3. Nf3 exd4 4. Nxd4 Bc5 5. Be3 Nf6 6. Nxc6 bxc6 7.
Bxc5 Nxe4 $2 {[%eval 554,20]} (7... d6 {[%eval 328,19] était nécessaire.} 8.
Bd4 Nxe4) 8. Qe2 $18 {C45: Partie écossaise.} f5 9. f3 {[%mdl 64] [#] Clouage}
d6 10. Bd4 {Les Blancs sont clairement gagnants.} Qh4+ 11. Bf2 {[%eval 289,20]}
(11. g3 $142 {[%eval 599,19]} Qe7 12. fxe4) 11... Qe7 {[%eval 596,20]} (11...
Qxf2+ {[%eval 289,20] est plus difficile.} 12. Qxf2 Nxf2) 12. fxe4 {[#]} fxe4
$146 ({Prédécesseur:} 12... Qxe4 13. Qxe4+ fxe4 14. Nc3 O-O 15. Bc4+ Kh8 16.
O-O Re8 17. Bd4 c5 18. Bf7 Be6 19. Bxe8 cxd4 {1-0 (27) Silva,A (1633)-Barroso,
S (1183) Luso 2015}) 13. Nc3 O-O 14. Nxe4 Qd8 $2 {[%eval 661,19]} (14... Ba6 {
[%eval 331,20]} 15. Qxa6 Qxe4+ 16. Be2 Qxg2) 15. g3 d5 16. Nc5 Re8 17. Qxe8+ {
[%eval 116,5]} (17. Be3 $18 {[%eval 620,20] est le coup le plus précis pour
gagner.}) 17... Qxe8+ $16 18. Be2 $2 {[%eval -173,22][%mdl 8192] Ceci coûte
la partie aux Blancs.} (18. Kd2 $16 {[%eval 125,21] est nécessaire pour
prendre l'avantage.}) 18... Bg4 $19 {[%csl Gg4][%cal Re8e2]} 19. O-O-O Qxe2 20.
Bd4 {[%eval -230,22]} (20. Rd2 $142 {[%eval -181,18]} Qb5 21. Bd4) 20... Bf3
21. Rhe1 Qxh2 22. Rd2 Qxg3 23. Bf2 {[%eval -367,20]} (23. Rg1 {[%eval -196,21]
était annoncé.} Re8 24. Nd3) 23... Qd6 24. Re6 Qd8 25. Rxc6 d4 26. Rxd4 $2 {
[%eval -983,21]} (26. Re6 {[%eval -286,22]}) 26... Qb8 $2 {[%eval -243,21]} (
26... Qg5+ {[%eval -983,21]} 27. Kb1 Bxc6) 27. Bg3 $2 {[%eval -952,22]} (27.
Re6 {[%eval -243,21]}) 27... Bxc6 28. Na6 Qb6 {[%mdl 64] [#] Attaque double}
29. Nxc7 Qxd4 30. Nxa8 Qg1+ {[%eval -1299,5] Valeur d'erreur pondérée:
Blancs=0.72/Noirs=1.33} (30... Qe3+ $142 {[%eval -32761,8]} 31. Kb1 Qg1+ 32.
Be1 Qxe1#) 0-1

[Event "Départementale  Jeunes 49"]
[Site "Angers"]
[Date "2022.01.21"]
[Round "4.4"]
[White "Le Geay, Joachim"]
[Black "Grimaud, Louis"]
[Result "1-0"]
[WhiteElo "1009"]
[BlackElo "1009"]
[PlyCount "49"]
[EventDate "2021.??.??"]
[WhiteTeam "Angers Jeunes"]
[BlackTeam "CEBVA Jeunes"]

{[%evp 11,48,-265,-51,-47,-52,-51,-33,-290,-170,-391,-381,-552,-294,-292,-228,
-212,-69,-124,110,-40,180,172,152,105,428,434,1104,1122,29990,862,29994,1657,
29999,29997,29997,1539,29996,1495,29999]} 1. e4 e5 2. Nf3 Nc6 3. Bc4 Nf6 4. Ng5
d5 5. Bxd5 Nxd5 6. exd5 Qxd5 $2 {[%eval -51,22] [#]} (6... Qxg5 $19 {[%eval
-265,21]} 7. dxc6 Qxg2 {[%mdl 64] Attaque double}) 7. O-O $15 {C57: Défense
des deux Cavaliers (avec 4.Cg5).} Bf5 8. Nc3 {[#]} Qd8 $146 ({Prédécesseur:} 
8... Qc5 9. d3 O-O-O 10. Be3 Nd4 11. Nxf7 Rd7 12. Nxh8 e4 13. Bxd4 Qxd4 14.
dxe4 Qe5 15. Nf7 Qf4 16. Nd5 Qxe4 17. Ng5 Qe5 18. Qf3 Bd6 19. Rfe1 Qxh2+ {
1-0 (19) Albota,C (1003)-Vasiu,H (1001) Calimanesti 2015}) 9. Qh5 {[%eval -290,
22][%mdl 8192]} ({les Blancs devraient jouer} 9. d3 $15 {[%eval -33,19]}) 9...
Bg6 {[%eval -170,21]} (9... g6 $142 {[%eval -290,22]} 10. Nxf7 gxh5 11. Nxd8
Rxd8) 10. Qe2 {[%eval -391,21]} (10. Qg4 {[%eval -170,21] est une meilleure
défense.}) 10... Qxg5 $19 11. Nd5 {[%eval -552,22]} (11. d3 $142 {[%eval -381,
19]} Qe7 12. Be3) 11... Bxc2 12. Nxc7+ Kd8 13. Nxa8 {[#] d3 est la forte
menace.} Nd4 {[%eval -69,22]} ({Meilleur est} 13... Qf5 $19 {[%eval -212,21]
Menace de gagner avec ...Fd3.} 14. d3 Bxd3) 14. Qc4 {[%eval -124,22]} (14. Qe3
$15 {[%eval -69,22]} f6 15. d3) {[%tqu "En","","","","f8d6","",10]} 14... Qe7
$2 {[%eval 110,21]} (14... Bd6 $1 $17 {[%eval -124,22] reste en course.
Espère ...Fe4.} 15. d3 (15. Qd5 $2 Qg6 $17) 15... Qg6) {[%tqu "En","","","",
"d2d3","",10]} 15. Qd5+ {[%eval -40,21]} (15. d3 $1 $16 {[%eval 110,21] Et
maintenant Fe3 devrait gagner.} Qd7 16. Re1 Ne2+ {[%mdl 64] Déviation} 17.
Rxe2 {[%mdl 64] Attaque double} Bxd3 18. Bg5+ f6 19. Bxf6+ gxf6 20. Qh4) 15...
Ke8 $2 {[%eval 180,22]} (15... Kc8 $15 {[%eval -40,21] reste devant.} 16. d3
Qd6 17. Qxf7 Qd7 18. Qxd7+ Kxd7) 16. Re1 f6 {[%tqu "En","","","","a8c7","",10]}
17. b3 {[%eval 105,22]} (17. Nc7+ $142 $1 {[%eval 152,21][%mdl 512]} Qxc7 18.
Qxd4) 17... Bd3 $2 {[%eval 428,23][%mdl 8192]} (17... Qd7 $16 {[%eval 105,22]})
18. Bb2 $18 Nc2 {[%eval 1104,22]} (18... Ne2+ $142 {[%eval 434,23]} 19. Rxe2 (
19. Kh1 Nf4 $18) 19... Bxe2) 19. Bxe5 Nxe1 20. Rxe1 {[%eval 862,22]} (20. Nc7+
$142 {[%eval 32748,19]} Qxc7 21. Bxc7 Nf3+ 22. gxf3 Be7 23. Re1 Kf8 24. Qd7 Be2
25. Rxe2) 20... Qd8 21. Nc7+ Ke7 {[%tqu "En","","","","e5f6","",10]} 22. Bxf6+
$1 {[%mdl 512]} Kxf6 23. Qxd8+ {[%eval 1539,5]} (23. Re6+ $142 {[%eval 32762,8]
} Kf7 24. Rd6+ {[%mdl 64] Attaque à la découverte} Ke7 25. Qe6#) 23... Kf7
24. Qe8+ {[%eval 1495,5]} (24. Qd5+ $142 {[%eval 32760,10]} Kg6 25. Re6+ Kf7
26. Rd6+ Ke7 27. Qe6#) 24... Kg8 25. Qe6# {Valeur d'erreur pondérée:
Blancs=0.80/Noirs=2.44} 1-0

[Event "Départementale 49"]
[Site "?"]
[Date "2022.01.30"]
[Round "4.1"]
[White "Julienne, Stéphane"]
[Black "Herbette, Stéphane"]
[Result "1-0"]
[WhiteElo "1309"]
[BlackElo "1543"]
[Annotator "Analyse tactique 4.0 (6s)"]
[PlyCount "83"]
[EventDate "2021.??.??"]
[WhiteTeam "Angers 3"]
[BlackTeam "Feneu 1"]

{[%evp 11,83,12,14,-7,0,0,9,-2,0,-29,-29,-29,-29,-47,-31,-28,-35,-35,-35,-32,
19,24,26,12,19,18,19,0,0,-10,18,11,33,9,106,9,66,36,96,84,87,10,88,88,557,535,
666,612,628,616,658,468,29989,29990,29990,813,960,945,1167,723,1081,1049,1485,
895,29988,29989,29995,1435,29996,1422,29991,1465,29992,1558]} 1. d4 d5 2. c4 c6
3. Nc3 Nf6 4. e3 Bg4 5. Nf3 Nbd7 6. Be2 e6 7. cxd5 {D11: Gambit Dame (défense
slave avec 3.Cf3).} cxd5 8. O-O a6 9. h3 {La position est équilibrée.} Bh5 {
[#]} 10. Nh2 $146 ({Prédécesseur:} 10. Re1 Bb4 11. Qb3 Ba5 12. Qxb7 Ne4 13.
Qb3 Rb8 14. Qc2 Qf6 15. a3 Bg6 16. Bd3 Rc8 17. Nxe4 dxe4 18. Qxc8+ Bd8 19. Be2
exf3 20. Bxf3 O-O 21. Qxd7 {1-0 (21) Galluschke,T (1698)-Barkia,S (1380)
Germany 2014}) 10... Bxe2 11. Qxe2 Bd6 12. f4 Ne4 13. Nxe4 dxe4 14. Ng4 O-O 15.
Bd2 Nb6 {[%eval 19,22]} (15... f5 $15 {[%eval -32,19]} 16. Ne5 Nf6) 16. Ba5 $11
Bc7 17. Bxb6 Bxb6 18. Rac1 Rc8 19. Rc2 Qd5 20. b3 Ba7 21. Rfc1 Rcd8 22. Qc4 Qd7
{[%eval 106,22]} (22... Bb8 $11 {[%eval 9,21]}) 23. Qc7 {[%eval 9,21]} ({
les Blancs devraient jouer} 23. Ne5 $16 {[%eval 106,22]} Qe8 24. Qb4) 23... Qd5
{[%eval 66,23]} (23... f6 $11 {[%eval 9,21]}) 24. Qe7 Rd7 {[%eval 96,21]} (
24... Rde8 $14 {[%eval 36,21]} 25. Qg5 Qxg5 26. fxg5 Bb6) 25. Qb4 $16 f6 26.
Rc7 {[%eval 10,20]} (26. Rc8 $16 {[%eval 87,21][%csl Gb4][%cal Rc8f8]} Qd6 27.
Qxd6 Rxd6 28. R8c7) 26... b5 {[%eval 88,22]} (26... Bb8 $11 {[%eval 10,20]
assure la nulle.} 27. R7c5 Qd6) 27. Qa5 $40 {[%mdl 128] Les Noirs sont en
difficulté.} Rd6 {[%eval 557,23][%mdl 8192] Une erreur qui coûte la partie.}
(27... h5 $16 {[%eval 88,20]}) 28. Rxa7 $18 {[#] Prévoit Tcc7 et mat.} Ra8 29.
Rxa8+ Qxa8 30. Qc7 Rd8 31. Qc6 h5 {[%eval 32746,20]} (31... Qxc6 $18 {[%eval
468,23]} 32. Rxc6 Kf7 33. Rxa6 Rc8) 32. Qxe6+ Kh8 33. Nf2 {[%eval 813,21]} (33.
Rc5 $142 {[%eval 32748,19]} Rd5 34. Rxd5 Qxd5 35. Qxd5 hxg4 36. Qh5+ {[%mdl 64]
Attaque double} Kg8 37. d5 Kf8 38. d6) 33... Re8 34. Qf5 Qd8 35. Qxh5+ Kg8 36.
Qg6 Qd7 37. Ng4 {[#] les Blancs menacent Cxf6+ et mat.} Kh8 38. Rc5 Qe7 39.
Rh5+ Kg8 {[%tqu "En","","","","g4f6","",10]} 40. Nxf6+ $1 {[%eval 1422,5]} Qxf6
41. Qxe8+ Qf8 {[%tqu "En","","","","h5h8","",10]} 42. Rh8+ $1 {[%mdl 64]
Enfilade.  Valeur d'erreur pondérée: Blancs=0.32/Noirs=0.73} 1-0